|
|
|
|
| LEADER |
00713cam a2200193 7i4500 |
| 001 |
0000024596 |
| 005 |
20140709090000.0 |
| 020 |
# |
0 |
|a 1857882873
|
| 090 |
0 |
0 |
|a HD 53
|b S852
|
| 100 |
1 |
# |
|a Stewart, Thomas A.
|
| 245 |
1 |
4 |
|a The wealth of knowledge :
|b Intellectual capital and the twenty-first century organization
|c Thomas A. Stewart.
|
| 260 |
# |
# |
|a London:
|b Nicholas Brealey Pub.,
|c 2001.
|
| 300 |
# |
# |
|a xx,379p.:
|b ill.;
|c 24cm..
|
| 504 |
0 |
0 |
|a Includes bibliographical references (p. [337]-368) and index
|
| 590 |
# |
# |
|a Pusat Pengajian Pembangunan Sosial dan Ekonomi
|
| 650 |
0 |
0 |
|a Knowledge workers
|
| 650 |
0 |
0 |
|a Intellectual capital
|
| 650 |
0 |
0 |
|a Knowledge management
|
| 999 |
|
|
|a 1100009108
|b Book
|c Open Shelf
|e KOLEKSI TERBUKA
|